000
00314nam a2200109Ia 4500
008
200302s9999 xx 000 0 und d
100
_a
Christopher Ackroyd
245
_a
The History and Techniques of the Great Masters Toulouse-Lautrec
260
_b
Tiger Books International Inc.
260
_c
1989
300
_a
64 P.,
999
_c
1306
_d
1306